Movies referenced in Kill Bill - Statistics

General Stats
  • This quiz has been taken 11 times
  • The average score is 4 of 12
Answer Stats
Hint Year Country Reference Answer % Correct
Vampire movie by Robert Rodriguez 1996 USA Texas Ranger Earl McGraw played by Michael Parks From Dusk Till Dawn
70%
Double feature 2007 USA Grindhouse
50%
Psychological thriller 1968 UK Bernard Herrmann's theme music Twisted Nerve
50%
Bruce Lee's posthumous film 1972 Hong Kong, USA Yellow suit originally worn by Bruce Lee Game of Death
40%
Brian de Palma's psychological thriller 1980 USA Split screen + disguised killer nurse Dressed to Kill
30%
Manga Adaptation 1973 Japan Storyline; Fight with O-Ren Ishii Lady Snowblood
30%
Lucio Fulci's zombie splatter 1980 Italy Woman's bleeding eyes City of the Living Dead
20%
Martial-arts flick 1978 Hong Kong The Venom Mob inspired the Deadly Viper Assassination Squad Five Deadly Venoms
20%
Martial arts (starring Lo Lieh) 1972 Hong Kong Use of the theme music as a revenge motif Five Fingers of Death
20%
Part of a sci-fi franchise 1982 USA Use of the quote: "Revenge is a dish best served cold." Star Trek II: The Wrath of Khan
20%
Rape-and-revenge thriller 1975 Sweden Elle Driver's eyepatch, female revenge Thriller - A Cruel Picture
20%
Yakuza film remake 2000 Japan Theme song "Battle Without Honor or Humanity" New Battles Without Honor or Humanity
10%
No matching quizzes found
Score Distribution
Percent of People with Each Score
Percentile by Number Answered
Your Score History
You have not taken this quiz